| 000 | 01027nam a22002657a 4500 | ||
|---|---|---|---|
| 001 | BD-DhSAU 9032 | ||
| 003 | BD-DhSAU | ||
| 005 | 20181218100902.0 | ||
| 008 | 150612b20 bg a||||r|||| 000 0 eng d | ||
| 040 | _aBD-DhSAU | ||
| 082 |
_222 _a635 _bR15 |
||
| 100 |
_aRana, Sohel _4REG. NO. # 08-03142 |
||
| 245 |
_aEffect of CCC on growth, morpho-physilogical parameters and yield of tomato at different moisture levels / Ms Thesis _c Sohel Rana |
||
| 260 |
_aSher-e- Bangla Agricultural University : _bDepartment of Horticulture, _c2015. |
||
| 300 |
_aviii, 79 p. : _bill. , _c30 cm. |
||
| 504 | _aIncludes references. | ||
| 590 | _aKamim | ||
| 650 | _aHorticulture | ||
| 650 | _aEffect of CCC on growth, morpho-physilogical parameters | ||
| 650 | _ayield of tomato at different moisture levels | ||
| 700 |
_aKabir, Mohammad Humayun _eSupervisor |
||
| 700 |
_aUddin, Abul Faiz Md. Jamal _eCo-Supervisor |
||
| 856 | _uhttp://archive.saulibrary.edu.bd:8080/xmlui/handle/123456789/201 | ||
| 942 |
_2ddc _cTHESIS |
||
| 999 |
_c13733 _d13732 |
||